header

Critical cyberculture studies (Record no. 236781)

MARC details
000 -LEADER
fixed length control field 01425nam a22003614a 4500
082 04 - DEWEY DECIMAL CLASSIFICATION NUMBER
Classification number 303.48/33
245 00 - TITLE STATEMENT
Title Critical cyberculture studies
260 ## - PUBLICATION, DISTRIBUTION, ETC. (IMPRINT)
Place of publication New York :
Name of publisher New York University Press,
Year of publication c2006.
300 ## - PHYSICAL DESCRIPTION
Number of Pages xvii, 323 p. :
Other physical details ill.
650 #0 - SUBJECT ADDED ENTRY--TOPICAL TERM
Topical Term Computers and civilization.
Topical Term Cyberspace
Topical Term Internet
700 1# - ADDED ENTRY--PERSONAL NAME
Personal name Massanari, Adrienne.
Personal name Silver, David,
856 40 - ELECTRONIC LOCATION AND ACCESS
Uniform Resource Identifier http://site.ebrary.com/lib/rucke/Doc?id=10178197

No items available.

© 2026 Rongo University
Contact us: librarian | system librarian | Rongo university